An Anthology of Selected Articles (Record no. 208775)

MARC details
000 -LEADER
fixed length control field 00502nam a22001697a 4500
010 ## - LCCN (DPL NO)
LC control number ENG-143543
020 ## - INTERNATIONAL STANDARD BOOK NUMBER
Terms of availability 100.00
035 ## - SYSTEM CONTROL NUMBER
System control number EN-127075
037 ## - SOURCE OF ACQUISITION
Source of stock number/acquisition DBAD
082 ## - DEWEY DECIMAL CLASSIFICATION NUMBER
Classification number 881.08
245 ## - TITLE STATEMENT
Title An Anthology of Selected Articles
Statement of responsibility, etc edited by Kazi Golam Gous Siddiqui
260 ## - PUBLICATION, DISTRIBUTION, ETC. (IMPRINT)
Place of publication, distribution, etc Kolkata
Name of publisher, distributor, etc Sankar Mondal
Date of publication, distribution, etc 2010
270 ## - ADDRESS
Address 209A. Bidhan Sarani,
City Kolkata
Postal code 700006
300 ## - PHYSICAL DESCRIPTION
Extent 94p.
Dimensions 22cm(HB)
700 ## - ADDED ENTRY--PERSONAL NAME
Personal name Siddiqui, Kazi Golam Gous
9 (RLIN) 77070
942 ## - ADDED ENTRY ELEMENTS (KOHA)
Source of classification or shelving scheme Dewey Decimal Classification
Item type English Books
Classification part 881.08
Call number suffix ANT
Holdings
Withdrawn status Lost status Not for loan Collection code Home library Current library Date acquired Source of acquisition Cost, normal purchase price Full call number Barcode Copy number Cost, replacement price Koha item type
      Non-fiction Vinoba Puri Vinoba Puri 27/01/2025 DBAD 100.00 881.08 ANT EN-127075 1 100.00 English Books

© Delhi Public Library
Hit Counter
free hit counter